Calculus of variations, homogenization and continuum mechanics : June 21-25, 1993, CIRM-Luminy, Marseille, France
Αποθηκεύτηκε σε:
| Άλλοι συγγραφείς: | , , |
|---|---|
| Μορφή: | Βιβλίο |
| Γλώσσα: | English |
| Δημοσίευση: |
Singapore ; River Edge, N.J. :
World Scientific pub.,
c1994.
|
| Σειρά: | Series on advances in mathematics for applied sciences ;
18 |
| Θέματα: | |
| Ετικέτες: |
Προσθήκη ετικέτας
Δεν υπάρχουν, Καταχωρήστε ετικέτα πρώτοι!
|
MARC
| LEADER | 00000cam a2200000 i 4500 | ||
|---|---|---|---|
| 001 | 1/410 | ||
| 008 | 000403s1994 si | ||| |||| ||eng|| | ||
| 020 | |a 9810217838 | ||
| 035 | |l 10059648 | ||
| 040 | |a GR-MyUa |b gre |e AACR2 | ||
| 041 | 0 | |a eng | |
| 082 | 7 | |a 531.0151564 |2 (22) | |
| 245 | 0 | 0 | |a Calculus of variations, homogenization and continuum mechanics : |b June 21-25, 1993, CIRM-Luminy, Marseille, France / |c editors Guy Bouchitte, Giuseppe Buttazzo, Pierre Suquet. |
| 260 | |a Singapore ; |a River Edge, N.J. : |b World Scientific pub., |c c1994. | ||
| 300 | |a x, 296 σ. : |b εικ. ; |c 23 εκ. | ||
| 490 | 1 | |a (Series on advances in mathematics for applied sciences ; |v 18) | |
| 504 | |a Περιλαμβάνει βιβλιογραφικές παραπομπές και ευρετήριο. | ||
| 650 | 0 | 0 | |a Continuum mechanics |x Congresses. |
| 650 | 0 | 0 | |a Composite materials |x Congresses. |
| 650 | 0 | 0 | |a Calculus of variations |x Congresses. |
| 700 | 1 | |a Bouchitte, Guy, |e edt | |
| 700 | 1 | |a Buttazzo, Giuseppe, |e edt | |
| 700 | 1 | |a Suquet, Pierre, |e edt | |
| 830 | 0 | |a Series on advances in mathematics for applied sciences ; |v 18 | |
| 852 | |a INST |b SAMOS |e 20000403 |h 531.0151564 CAL |p 005300017737 |q 005300017737 |t BK |y 0 | ||
| 901 | |a BIBL3-2000-1 | ||
| 922 | |a 3ΕΛΗ |b 200003 |c ΚΠΣ |d LEADER | ||
| 950 | |a 116-1999-12-29 | ||
| 970 | |a ΓΕΝΟΥΖΟΥ |b ΧΡΥΣΑΝΘΗ |z 2000/04/25 | ||